000 00753nam a2200241Ia 4500
001 dia_3386
003 CHAP
005 20251023163907.0
008 220117s1989 xx 000 0 und d
010 _a173851
040 _cCHAP
082 _a628.53 B7
100 _aBrown, Lester R.
_915674
245 _aState of the World: a Worldwatch Institute Report on Progress Toward a Sustainable Society /
_c by Lester R. Brown (and Others)
260 _aNew york
_c1989
500 _aLa biblioteca tiene : 1989
650 _aMedioambiente
_xcontaminación
_9154598
650 _aSuelos
_xcontaminación
_9110327
901 _a628.53 B7
902 _aM
905 _a0000001989 19- -USx 0000000000 00
942 _cLIBRO
_2ddc
999 _c173851
_d173851